Estadísticas para Banderas de Países #3

Haz click aquí para tomar la prueba!

Estadísticas generales

  • Esta prueba ha sido tomada 10.203 veces
  • La puntuación promedio es 14 de 20

Estadísticas de respuestas

Respuesta% Correcto
Venezuela
95%
Colombia
94%
Polonia
83%
Corea del Norte
81%
Egipto
80%
Albania
79%
Panamá
79%
Líbano
76%
Malasia
71%
Georgia
69%
Kenia
68%
Pakistán
68%
Trinidad y Tobago
65%
Bután
63%
Afganistán
62%
Bangladés
61%
Sri Lanka
60%
Singapur
56%
Libia
50%
Tanzania
45%

Distribución de puntuación

Porcentaje por número respondido

Porcentaje de gente con cada puntuación

Historial de tus puntuaciones

No has tomado esta prueba